000 00464cam a2200181ua 4500
001 1878
008 110806n ii |||gr||||Z||||||asm
040 _cMAIN
082 _a370
100 _abaruah, Jatin,
_eAuthor.
245 1 _aAdhunik Shikhat natun chintadhara
_cby Jatin Baruah
250 _a2nd.
260 _aGuahati:
_bLawyers book stall,992.
300 _a292p:
_c23cm.
653 _aEducation
653 _aAdhunik Shikhat natun chintadhara
942 _cBK
999 _c1757
_d1757